| 000 | 00462nam a22001457a 4500 | ||
|---|---|---|---|
| 003 | OSt | ||
| 008 | 250321b |||||||| |||| 00| 0 eng d | ||
| 082 |
_a636.08 _bR43F |
||
| 100 | _aRaise, Viktar Aarthar | ||
| 245 | _aFarm pashu parjanan aur unanyan | ||
| 260 |
_aPantnagar: _bAnuwad and Prakashan Nideshalay; _c1976 |
||
| 300 | _a440 p. | ||
| 650 | _aAgriculture and related technologies | Technology (Applied sciences) | Livestock breeding | ||
| 942 |
_2ddc _cBK |
||
| 999 |
_c47726 _d47726 |
||